000 00930cam a2200313Ia 4500
001 42592
005 20230410103916.0
008 821019t19821981nyuab b 001 0 eng d
010 _a 81008841
035 _a(OCoLC)ocm08873385
040 _aOKI
_cOKI
_dOCL
_dANO
_dOCLCQ
019 _a8920916
020 _a0380609703
020 _a9780380609703
035 _a(OCoLC)8873385
_z(OCoLC)8920916
050 1 4 _a438 DS 557.7
_bM163t 1982
082 0 0 _a959.704
049 _aGRAL
100 1 _aMaclear, Michael.
245 1 4 _aThe ten thousand day war :
_bVietnam, 1945-1975 /
_cMichael Maclear.
260 _aNew York :
_bAvon Books,
_c1982, c1981.
300 _ax, 368 p. :
_bill., maps ;
_c23 cm.
504 _aIncludes bibliographical references (p. 359-360) and index.
650 0 _aVietnam War, 1961-1975.
650 0 _aIndochinese War, 1946-1954.
942 _2lcc
_cbk
946 _aclperez
994 _aC0
_bDRFGD
999 _c28246
_d28246